Statistics for One Piece - General Knowledge #3

Click here to take the quiz!

General Stats

  • This quiz has been taken 96 times
  • The average score is 15 of 20

Answer Stats

HintAnswer% Correct
Member of the Strawhat Pirates who is also known as "Soul King"Brook
99%
Name of the giant whale at Reverse MountainLaboon
91%
Number of types of Haki3
89%
What Shanks gave to Luffy many years agoStraw hat
89%
Giant prison from which Luffy wanted to rescue AceImpel Down
87%
Former Shichibukai; he stole shadows and used them to create zombiesGecko Moria
85%
Name of the samurai the strawhats meet on Punk HazardKin'emon
84%
Blind Marine AdmiralFujitora
82%
Yonko with the lowest bounty (before Chapter 1053/Episode 1080)Marshall D. Teach
82%
Animal that is used for sound and video transmissionTransponder Snail
82%
Girl who gave the Going Merry to the strawhatsKaya
74%
What Hancock and her sisters were as childrenSlaves
73%
Devil fruit eaten by Caesar ClownGasu Gasu no Mi
71%
Big Mom's oldest sonCharlotte Perospero
65%
Island on which the strawhats met the giants Dorry and BrogyLittle Garden
65%
"Son" of ^Kozuki Momonosuke
62%
Island where the One Piece is said to be hiddenRaftel
59%
The shipbuilding company in Water 7Galley-La Company
55%
Member of the Donquixote Pirates who ends most of his sentences with "dasuyan"Buffalo
40%
Name of the sea train used by the strawhats to get to Enies Lobby; prototype of the Puffing TomRocketman
28%

Score Distribution

Percentile by Number Answered

Percent of People with Each Score

Your Score History

You have not taken this quiz